| 000 | 00521cam a2200181 4500 | ||
|---|---|---|---|
| 001 | D1096 | ||
| 008 | 090401t1981 xxu||||| |||| 00| 0 eng d | ||
| 035 | _a(Sirsi) u62527 | ||
| 041 | _aeng | ||
| 050 | _a692.3 | ||
| 110 |
_aAssociation of Metropolitan Authorities _91383 |
||
| 245 | _aGuidance notes on the preparation of term contracts using schedule of rates including model schedules for building works | ||
| 260 |
_aLondon _bAMA _c1981 |
||
| 300 | _a88p. 30cm | ||
| 350 | _a5 | ||
| 942 | _n0 | ||
| 948 | _c04/03/1997 | ||
| 999 |
_c94434 _d94434 |
||